Practical leadership in nursing and health care / (Record no. 19203)
[ view plain ]
| 000 -LEADER | |
|---|---|
| fixed length control field | 00912cam a22002531a 4500 |
| 001 - CONTROL NUMBER | |
| control field | 17972057 |
| 005 - DATE AND TIME OF LATEST TRANSACTION | |
| control field | 20201128021232.0 |
| 008 - FIXED-LENGTH DATA ELEMENTS--GENERAL INFORMATION | |
| fixed length control field | 131212t2014 flua frb 001 0 eng |
| 020 ## - INTERNATIONAL STANDARD BOOK NUMBER | |
| International Standard Book Number | 9781444172355 |
| 040 ## - CATALOGING SOURCE | |
| Original cataloging agency | DNLM/DLC |
| Transcribing agency | DLC |
| Modifying agency | DLC |
| -- | EG-ScBUE |
| -- | EG-ScBUE |
| Language of cataloging | eng |
| 082 04 - DEWEY DECIMAL CLASSIFICATION NUMBER | |
| Classification number | 610.73069 |
| Item number | PRA |
| Edition number | 22 |
| 245 00 - TITLE STATEMENT | |
| Title | Practical leadership in nursing and health care / |
| Statement of responsibility, etc | edited by Suzanne Henwood. |
| 246 34 - VARYING FORM OF TITLE | |
| Title proper/short title | Practical leadership in nursing and health care : |
| Remainder of title | a multi-professional approach |
| 260 ## - PUBLICATION, DISTRIBUTION, ETC. (IMPRINT) | |
| Place of publication, distribution, etc | Boca Raton : |
| Name of publisher, distributor, etc | CRC Press / Taylor & Francis Group, |
| Date of publication, distribution, etc | c.2014. |
| 300 ## - PHYSICAL DESCRIPTION | |
| Extent | xxix, 225 p. : |
| Other physical details | ill. ; |
| Dimensions | 24 cm. |
| 500 ## - GENERAL NOTE | |
| General note | Index : p. 213-221. |
| 504 ## - BIBLIOGRAPHY, ETC. NOTE | |
| Bibliography, etc | Includes bibliographical references. |
| 650 #7 - SUBJECT ADDED ENTRY--TOPICAL TERM | |
| Topical term or geographic name as entry element | Leadership |
| Source of heading or term | BUEsh |
| 9 (RLIN) | 1000 |
| 650 #7 - SUBJECT ADDED ENTRY--TOPICAL TERM | |
| Topical term or geographic name as entry element | Nursing |
| Source of heading or term | BUEsh |
| 9 (RLIN) | 2162 |
| 651 ## - SUBJECT ADDED ENTRY--GEOGRAPHIC NAME | |
| Source of heading or term | BUEsh |
| 653 ## - INDEX TERM--UNCONTROLLED | |
| Resource For college | Nursing |
| Arrived date list | April2015 |
| -- | December2016 |
| 700 1# - ADDED ENTRY--PERSONAL NAME | |
| Personal name | Henwood, Suzanne |
| Relator term | editor. |
| 9 (RLIN) | 37668 |
| 942 ## - ADDED ENTRY ELEMENTS (KOHA) | |
| Source of classification or shelving scheme | Dewey Decimal Classification |
| Call number prefix | 610.73069 PRA |
| Withdrawn status | Item status | Source of classification or shelving scheme | Damaged status | Not for loan | Vendor | Home library | Current library | Shelving location | Date acquired | Source of acquisition | Cost, normal purchase price | Serial Enumeration / chronology | Total Checkouts | Full call number | Barcode | Date last seen | Cost, replacement price | Koha item type | Total Renewals | Date last borrowed |
|---|---|---|---|---|---|---|---|---|---|---|---|---|---|---|---|---|---|---|---|---|
| Dewey Decimal Classification | ايمك | Central Library | Central Library | First floor | 20/04/2015 | 294.00 | 2446 | 610.73069 PRA | 000038034 | 15/07/2025 | 367.50 | Book - Borrowing | ||||||||
| Dewey Decimal Classification | ايمك | Central Library | Central Library | First floor | 20/04/2015 | 294.00 | 2446 | 2 | 610.73069 PRA | 000038035 | 15/07/2025 | 367.50 | Book - Borrowing | 2 | 20/12/2015 | |||||
| Dewey Decimal Classification | ايمك | Central Library | Central Library | First floor | 22/12/2016 | Purchase | 340.00 | 3397 | 3 | 610.73069 PRA | 000040601 | 15/07/2025 | 425.00 | Book - Borrowing | 18 | 26/09/2018 | ||||
| Dewey Decimal Classification | ايمك | Central Library | Central Library | First floor | 22/12/2016 | Purchase | 340.00 | 3397 | 2 | 610.73069 PRA | 000040602 | 15/07/2025 | 425.00 | Book - Borrowing | 23 | 07/02/2018 |